Tintin Book Trivia - Secret of the Unicorn - Statistics

General Stats
  • This quiz has been taken 11 times
  • The average score is 4 of 15
Answer Stats
Question Answer % Correct
Ancestor of Captain A. Haddock Sir Francis Haddock
89%
Marlinspike (431) Butler whom first appeared in this volume Nestor
67%
Sequel Red Rackham’s Treasure
67%
Location of Book Belgium
56%
Main Antagonists The Bird Brothers
56%
Dog of the main antagonists Brutus
33%
Where did the Unicorn set sail in 1676 (West Indies) Barbados
22%
What ship does the Captain arrange for the treasure hunt. The Sirius
22%
Who did Sir Francis Kill before Red? Diego the Dreadful
11%
Place where Tintin bought a model of the Unicorn Old Street Market
11%
Tintin Misthought it to be a cigarette Treasure Parchment
11%
Name of the troublesome pickpocket Aristides Silk
0%
Henchman of the Bird Brothers (shot and survived) Barnaby Dawes
0%
Affiliation of Sir Francis Haddock Commander of the Unicorn/Captain in the Kings’ Navy
0%
Name of Collector (lives on 21 Eucalyptus Avenue) Ivan Ivanovitch Sakharine
0%
No matching quizzes found
Score Distribution
Percent of People with Each Score
Percentile by Number Answered
Your Score History
You have not taken this quiz